| 000 | 00878ntm a22002297a 4500 | ||
|---|---|---|---|
| 005 | 20170813160436.0 | ||
| 008 | 170802s2014 xx a frb 000 0 eng d | ||
| 040 |
_aEG-ScBUE _beng _cEG-ScBUE |
||
| 082 | 0 | 4 |
_222 _a624 _bABD |
| 100 | 1 | _aAbd EL-Halim, Amr Mansour Mohammed. | |
| 245 | 1 | 0 |
_aSafety provisions of concrete structures in the light of different international codes / _cby Amr Mansour Mohammed Abd El-Halim. |
| 260 | _c2014. | ||
| 300 |
_axiv, 78 p. : _bill. (col.) ; _c28 cm. |
||
| 500 | _aA dissertation submitted to the faculty of engineering, the British university in Egypt, in partial fulfillment of the requirements for the bachelor degree in civil engineering. | ||
| 590 | _aaishaa | ||
| 650 | 7 |
_2BUEsh _aCivil Engineering _vProjects |
|
| 653 |
_bENGCIV _cAugust2017 |
||
| 655 | _vSPRO | ||
| 700 | 1 |
_aSaleh, Hossam, _eThs. |
|
| 777 | _ASPRO | ||
| 942 | _2ddc | ||
| 999 |
_c25351 _d25323 |
||